Catarsis: sobre el poder curativo de la naturaleza y del arte
Zapisane w:
| 1. autor: | |
|---|---|
| Format: | Książka |
| Język: | hiszpański |
| Wydane: |
Barcelona
El Acantilado
2010
|
| Wydanie: | 1a. ed |
| Seria: | Cuadernos del Acantilado, 196
|
| Hasła przedmiotowe: | |
| Etykiety: |
Dodaj etykietę
Nie ma etykietki, Dołącz pierwszą etykiete!
|
MARC
| LEADER | 00000cam a2200000 a 4500 | ||
|---|---|---|---|
| 001 | UCC8046 | ||
| 003 | CL-VaPUC | ||
| 005 | 20220729074539.0 | ||
| 008 | 190524e20100000sp |||||||||||||||||spa|d | ||
| 020 | |a 9788492649327 | ||
| 040 | |c Pontificia Universidad Católica de Valparaíso | ||
| 082 | 0 | 4 | |a 610.724 |b SZC |2 21 |
| 100 | 0 | |a Szczeklik, Andrzej |e author |9 602746 | |
| 245 | 1 | 0 | |a Catarsis: sobre el poder curativo de la naturaleza y del arte |
| 250 | |a 1a. ed | ||
| 260 | |a Barcelona |b El Acantilado |c 2010 | ||
| 300 | |a 206 p | ||
| 490 | 0 | |a Cuadernos del Acantilado, 196 | |
| 583 | |a last modification |c 20190524 12:30:00 |k Rodrigo Vera | ||
| 650 | 0 | |a Medicina |9 258507 | |
| 650 | 0 | |a Investigación científica |9 259857 | |
| 650 | 7 | |a CATARSIS |2 CL-VaPUC |9 335183 | |
| 942 | |c BK | ||
| 945 | |d 20190524 12:30:00 |a dcastane | ||
| 999 | |c 374494 |d 374492 | ||
| 952 | |0 0 |1 0 |3 erb |4 0 |6 610_724000000000000_SZC_2010 |7 0 |8 A |9 493051 |a BIBART |b BIBART |i 5550157 |o 610.724 SZC 2010 |p 5550157 |r 2023-01-11 |w 2019-11-24 |y BK |z Catalogado en:20190524 |k ART | ||